Introducción a la pragmática de la ficción literaria /
Sábháilte in:
| Príomhchruthaitheoir: | |
|---|---|
| Formáid: | Leictreonach Ríomhleabhar |
| Teanga: | Spáinnis |
| Foilsithe / Cruthaithe: |
Cali, Colombia :
Universidad del Valle, Programa Editorial,
[2017]
|
| Eagrán: | Edición digital. |
| Sraith: | Colección La tejedora.
|
| Ábhair: | |
| Rochtain ar líne: | Digitalia Hispánica |
| Clibeanna: |
Cuir clib leis
Níl clibeanna ann, Bí ar an gcéad duine le clib a chur leis an taifead seo!
|
MARC
| LEADER | 00000nam a2200000Ii 4500 | ||
|---|---|---|---|
| 001 | DIGUVALLE250 | ||
| 003 | NyNyDIG | ||
| 006 | m o d | ||
| 007 | cr ||||||||||| | ||
| 008 | 210910s2017 ck ob 000 0 spa d | ||
| 020 | |a 9789587655766 |q eBook |q pdf | ||
| 020 | |z 9789586708814 | ||
| 035 | |a (OCoLC)1282640517 | ||
| 040 | |a DGITA |b eng |e rda |e pn |c DGITA | ||
| 050 | 1 | 4 | |a PN3491 ebook |
| 082 | 0 | 4 | |a 808.3 |
| 100 | 1 | |a Bautista-Cabrera, Álvaro, |e author. | |
| 245 | 1 | 0 | |a Introducción a la pragmática de la ficción literaria / |c Álvaro Bautista-Cabrera. |
| 250 | |a Edición digital. | ||
| 264 | 1 | |a Cali, Colombia : |b Universidad del Valle, Programa Editorial, |c [2017] | |
| 300 | |a 1 online resource. | ||
| 336 | |a text |b txt |2 rdacontent | ||
| 337 | |a computer |b c |2 rdamedia | ||
| 338 | |a online resource |b cr |2 rdacarrier | ||
| 347 | |a text file |2 rdaft | ||
| 347 | |b PDF | ||
| 490 | 1 | |a Colección La Tejedora. Escuela de Estudios Literarios | |
| 504 | |a Includes bibliographical references. | ||
| 588 | 0 | |a Online resource; title from PDF title page (Digitalia, viewed August 30, 2021) | |
| 650 | 0 | |a Fiction |x History and criticism. | |
| 655 | 0 | |a Electronic books. | |
| 791 | 2 | |a Digitalia (Firm), |e distributor. | |
| 793 | 0 | |g Digitalia eBook Collection: |a Universidad del Valle | |
| 776 | 0 | 8 | |i Print version: |a Bautista-Cabrera, Álvaro. |t Introducción a la pragmática de la ficción literaria. |b Primera edición impresa. |d Cali, Colombia : Universidad del Valle, Programa Editorial, [2011] |z 9789586708814 |
| 830 | 0 | |a Colección La tejedora. | |
| 856 | 4 | 0 | |3 Digitalia Hispánica |u https://digitalia.unach.elogim.com/a/70114/ |
| 910 | |a Premium collection: 2021 | ||